| 000 | 01240cam a22002771i 4500 | ||
|---|---|---|---|
| 003 | SA-RiAUC | ||
| 005 | 20251117132958.0 | ||
| 008 | 251114s1986 le g 00000 ara c | ||
| 040 |
_aSA-JeALM _bara _cSA-RiAUC _erda |
||
| 082 | 0 | 4 |
_a259 _qSA-RiAUC |
| 090 |
_a259 _bا ل م |
||
| 100 | 1 |
_aآل محمود، عبد الله بن زيد، _d1329-1417 هجري _eمؤلف. |
|
| 245 | 1 | 2 |
_aالدلائل العقلية والنقلية في تفضيل الصدقة عن الميت على الضحية وأهل الضحية عن الميت شرعية أو غير شرعية / _cتأليف عبد الله بن زيد آل محمود. |
| 250 | _aالطبعة الثالثة. | ||
| 264 | 1 |
_aقطر : _bعبد الله بن زيد آل محمود. _c1986 |
|
| 300 |
_a 135 صفحة ؛ _c20 سم. |
||
| 336 |
_aنص _btxt _2rdacontent _3كتاب |
||
| 337 |
_aبدون وسيط _bn _2rdamedia |
||
| 338 |
_aمجلد _bnc _2rdacarrier |
||
| 490 | 0 |
_aرسائل الشيخ عبد الله بن زيد آل محمود ؛ _v20 |
|
| 650 | 7 |
_aالأضحية (فقه إسلامي) _2aucsh |
|
| 650 | 7 |
_aالصدقات _2aucsh |
|
| 650 | 7 |
_aالفقه الإسلامي _2aucsh |
|
| 942 |
_2ddc _cBOOK _n0 |
||
| 949 |
_aSA-JeALM _d251114 _umohamedma123 _n1 |
||
| 999 |
_c13316 _d13316 |
||